00905cam a2200229 4500001001500000003000900015005001700024008002900041020001500070040002600085082002500111100004000136245015600176250001200332260004700344300006600391490005300457600005500510650003200565650003000597700004800627bimo0000250447DO-SdBNP20231006133953.0891102s2001 sp f 0 spa  a849517197X aBPMSUbspacBPMSU e  4aR611bM385a 20012221 aMartínez, Crisóstomod1638-169413aEl atlas anatómico de Crisóstomo Martínez :bgrabador y microscopista del S. XVII /cestudio y transcripción de José María López Piñero a3ª ed. aValencia : b Ayutament de valencia c2001 a98 p. :bils.16 h. con lám., 3 h. con lám. pleg ;c32 cm.0 aPublicaciones del Archivo Municipal de Valencia 17aMartínez, Crisóstomodca. 1638-ca. 16942embne 4aAnatomía humanavAtlas2  aIlustración médicaz 1 aLópez Piñero, José Maríad1933-2010